Basic Dental Materials (Record no. 24902)

MARC details
000 -LEADER
fixed length control field 00371nam a22001577a 4500
003 - CONTROL NUMBER IDENTIFIER
control field SGT
020 ## - INTERNATIONAL STANDARD BOOK NUMBER
International Standard Book Number 9789352500482
082 ## - DEWEY DECIMAL CLASSIFICATION NUMBER
Classification number 617.695
Item number B16M
100 ## - MAIN ENTRY--PERSONAL NAME
Personal name Manappallil, John J.
245 ## - TITLE STATEMENT
Title Basic Dental Materials
250 ## - EDITION STATEMENT
Edition statement 4th
260 ## - PUBLICATION, DISTRIBUTION, ETC. (IMPRINT)
Place of publication, distribution, etc New Delhi, India
Name of publisher, distributor, etc Jaypee Publishers
Year of Publication 2016
300 ## - PAGE DESCRIPTION
No. of Pages 606
650 ## - SUBJECT ADDED ENTRY--TOPICAL TERM
Topical term or geographic name as entry element Dental Materials
942 ## - ADDED ENTRY ELEMENTS (KOHA)
Source of classification or shelving scheme Dewey Decimal Classification
Koha item type Books
942 ## - ADDED ENTRY ELEMENTS (KOHA)
-- 135
Holdings
Withdrawn status Lost status Source of classification or shelving scheme Damaged status Not for loan Home library Current library Shelving location Date acquired Vendor Name SGTU Bill Number Total Checkouts Full call number Accession No. (Barcode) Date last seen Date last borrowed Bill Date Koha item type Total Renewals Checked out
    Dewey Decimal Classification     SGT Dental Library SGT Dental Library Text Book 26/08/2023 Ahuja Book Co. Pvt. Ltd. SGTU 16974 54 617.695 B16M FD9315 29/05/2026 13/05/2026 28/06/2023 Books    
    Dewey Decimal Classification     SGT Dental Library SGT Dental Library Text Book 26/08/2023 Ahuja Book Co. Pvt. Ltd. SGTU 16974 53 617.695 B16M FD9316 02/06/2026 02/06/2026 28/06/2023 Books 1 16/06/2026
    Dewey Decimal Classification     SGT Dental Library SGT Dental Library Text Book 26/08/2023 Ahuja Book Co. Pvt. Ltd. SGTU 16974 39 617.695 B16M FD9317 15/04/2026 01/04/2026 28/06/2023 Books    
    Dewey Decimal Classification     SGT Dental Library SGT Dental Library Text Book 26/08/2023 Ahuja Book Co. Pvt. Ltd. SGTU 16974 48 617.695 B16M FD9318 15/04/2026 02/04/2026 28/06/2023 Books    
    Dewey Decimal Classification     SGT Dental Library SGT Dental Library Text Book 26/08/2023 Ahuja Book Co. Pvt. Ltd. SGTU 16974 58 617.695 B16M FD9319 02/06/2026 02/06/2026 28/06/2023 Books   16/06/2026
    Dewey Decimal Classification     SGT Dental Library SGT Dental Library Text Book 16/10/2024   SGTU   1 617.695 B16M FD9603 30/08/2025 12/08/2025 16/10/2024 Books